[Event "Srajber Memorial 08th"]
[Site "Subotica"]
[Date "2003.12.08"]
[Round "11"]
[White "Benkovic, Petar"]
[Black "Lupulescu, Constantin"]
[Result "0-1"]
[WhiteElo "2463"]
[BlackElo "2499"]
[Annotator "Ribli,Z"]
[PlyCount "40"]
[EventDate "2003.11.06"]
[EventType "tourn"]
[EventRounds "11"]
[EventCountry "YUG"]
[EventCategory "10"]
[SourceTitle "CBM 099"]
[Source "ChessBase"]
[SourceDate "2004.03.30"]
[SourceVersion "1"]
[SourceVersionDate "2004.03.30"]
[SourceQuality "1"]

1. Nf3 Nf6 2. c4 c5 3. Nc3 d5 4. cxd5 Nxd5 5. e4 {Das ist eine sehr scharfe
Fortsetzung - die Alternativen sind 5.g3, 5.e3 und 5.d4.} Nb4 {Das ist die
prinzipielle Fortsetzung, aber Schwarz kann auch 5...Nxc3 spielen.} 6. Bc4 (6.
Bb5+ $5 N8c6 7. d4 cxd4 8. a3 Bd7 9. Nxd4 Nxd4 10. Bxd7+ Qxd7 11. axb4 e6 12.
Be3 Rd8 13. O-O Bxb4 14. Bxd4 $36) 6... Nd3+ (6... Be6 $6 {M. Tal} 7. Bxe6 Nd3+
8. Kf1 fxe6 {Vor mehr als 20 Jahren war diese Variante sehr populär - Schwarz
hat Probleme mit seiner Bauernstruktur, aber er hat dafür positionellen Druck
auf der d-Linie.}) 7. Ke2 Nf4+ {Das ist die konsequente Fortsetzung - im Falle
von 7...Nxc1+ 8.Rxc1 hat Weiß spürbaren Entwicklungsvorteil.} 8. Kf1 Ne6 9. Ne5
(9. b4 {Dieses Bauernopfer ist die andere Möglichkeit für Weiß - nach 9...cxb4
kann Weiß entweder 10.Nd5 oder 10.Ne2 ziehen, und in beiden Fällen kann er mit
d2-d4 und h2-h4 eine Angriffstellung erreichen.}) 9... g6 {Schwarz möchte
ruhig 10...Bg7 spielen und er hat keine Angst von 10.Qa4+.} (9... Nd7 $2 {
Mit diesem Zug möchte sich Schwarz vom e5-Springer befreien, aber diese
Fortsetzung verliert praktisch.} 10. Nxf7 Kxf7 11. Bxe6+ Kxe6 12. Qb3+ Kf6 (
12... Ke5 $2 13. Qd5+ $18) (12... Kd6 13. Nb5+ Kc6 14. Qe6+ Kxb5 15. a4+ Ka5
16. b4+ cxb4 17. Qd5+ Kb6 18. Bb2 $1 e5 19. a5+ Ka6 (19... Kc7 20. Rc1+ $18)
20. Qc4+ b5 21. Qe6+ Kb7 22. Qd5+ Kb8 23. Bxe5+ $18) 13. Nd5+ Kf7 (13... Kg6
14. Nf4+ $18) (13... Ke6 14. Nc7+ $18) 14. Nc7+ $18) (9... Qd6 $5) 10. Qa4+ Bd7
(10... Nd7 $6 11. d4 $36 (11. d3 $5 $36)) 11. Bxe6 fxe6 {11...Bxa4?? wäre
natürlich ganz schlecht wegen 13.Bxf7#.} 12. Qc4 $6 {Dieser Zug ist ziemlich
optimistisch - nach meiner Meinung muss Weiß die Damen tauschen, weil er nur
Probleme mit der Platzierung der eigenen Dame bekommt.} (12. Nxd7 Qxd7 13.
Qxd7+ Kxd7 14. d3 (14. e5 Bg7 15. Ne4 b6 16. f4 Rf8 17. d4 Nc6 18. g3 Nxd4 19.
Kg2 Kc6 20. Bd2 Kd5 21. Nc3+ Kc6 {1-0 Vallejo Pons,F-Fernandez Romero,E/Dos
Hermanas 2002/CBM 87 ext (50)}) 14... Nc6 (14... Bg7 15. Be3 b6 16. Ke2 Nc6 17.
g4 Raf8 18. Rag1 Nd4+ {0-1 Sulyok,M-Juraczka,F/AUT 2000/EXT 2003 (40)}) 15. Be3
b6 16. h4 h5 17. Rh3 Bg7 18. Rg3 Bf6 19. Rxg6 Ne5 20. Rg3 Nxd3 21. Rd1 c4 22.
b3 Kc6 23. bxc4 Nb2 24. Rc1 Nd3 25. Rd1 Nb2 26. Rc1 Nd3 {1/2-1/2 Feher,
G-Horvath,J/Budapest 1995/EXT 98 (26)}) 12... Bg7 13. Nxd7 (13. d4 cxd4 14.
Qxd4 O-O $15 (14... Nc6 15. Nxc6 (15. Qxd7+ Qxd7 16. Nxd7 Kxd7 $11) 15... Bxd4
16. Nxd8 Rxd8 $11)) (13. Nf3 Na6 $15) 13... Qxd7 {[%csl Yd4,Rf1][%cal Gh8f8,
Gf8f1,Gd7d3,Gb8c6,Gc6d4] Schwarz hat eine sehr bequeme Stellung - das d4-Feld
ist ein positionelles Loch in der weißen Stellung und Schwarz hat zwei offene
Linien, während Weiß Entwicklungsprobleme hat.} 14. Qxc5 (14. d3 Nc6 15. Be3 b6
$15 16. Rd1 O-O 17. h4 Ne5 18. Qa4 Rad8 19. Ke2 Nc6 20. Qc4 Rc8 21. a4 Rfd8 22.
f4 Nd4+ {0-1 Bauer,C-Leko,P/Bordeaux 1999/CBM 70 ext (39)}) 14... Nc6 $36 {
[%cal Gc6d4,Gd7d3,Gd3f1,Gg7d4,Gd4c5][%mdl 2048] Schwarz hat mehr als
ausreichende Kompensation für den Bauern. Die weiße Königsstellung ist
schlecht und das schwarze Figurenspiel ist ausgezeichnet.} 15. h4 {Weiß möchte
seinen Turm über h3 ins Spiel bringen, aber guter Rat ist schon teuer.} (15.
Qe3 Nb4 $17) (15. Qb5 O-O $17 (15... a6 16. Qe2 O-O $36)) 15... O-O 16. Qg5 (
16. Qb5 a6 17. Qe2 Nb4 18. Rh3 Rad8 $17) 16... Qd3+ $17 17. Ke1 (17. Kg1 Bd4
18. Nd1 Ne5 $19) 17... Bd4 18. f3 Nb4 $19 {[%csl Re1][%cal Rb4c2,Rc2a1,Rc2e1]
[%mdl 128]} 19. h5 (19. Qb5 Bxc3 (19... Nc2+ 20. Kd1 Ne3+ 21. Ke1 Nxg2+ 22. Kd1
Ne3+ 23. Ke1 Nc2+ 24. Kd1 Qxf3+ $19) 20. Qxd3 Nxd3+ 21. Ke2 Nf4+ $19) 19...
Nc2+ (19... Rxf3 20. hxg6 Nc2+ 21. Kd1 Nxa1 22. gxh7+ Kh8 $19) 20. Kd1 Bf2 {
[%cal Rc2e3,Re3d1]} 0-1

[Event "Toledo"]
[Site "Toledo"]
[Date "1991.??.??"]
[Round "4"]
[White "Azmaiparashvili, Zurab"]
[Black "Franco Ocampos, Zenon"]
[Result "1-0"]
[WhiteElo "2585"]
[BlackElo "2495"]
[Annotator "Ribli,Z"]
[PlyCount "43"]
[EventDate "1991.02.??"]
[EventType "tourn"]
[EventRounds "9"]
[EventCountry "ESP"]
[EventCategory "8"]
[SourceTitle "CBM 022"]
[Source "ChessBase"]
[SourceDate "1991.06.01"]
[SourceVersion "1"]
[SourceVersionDate "1991.06.01"]
[SourceQuality "1"]

1. c4 Nf6 2. Nc3 c5 3. Nf3 d5 4. cxd5 Nxd5 5. e4 Nc7 $2 (5... Nb4 $5 6. Bb5+
N8c6 7. d4 cxd4 8. a3 Bd7 9. axb4 dxc3 10. bxc3 g6 11. Be3 Bg7 12. Qb3 O-O 13.
O-O Qc7 $10 {Cvetkovic,Sr-Horvath,Jo Stary Smokovec 1990 CBM/21}) 6. d4 cxd4 7.
Qxd4 Qxd4 8. Nxd4 e5 9. Ndb5 Nxb5 10. Bxb5+ (10. Nxb5 $5 Bb4+ 11. Bd2 Bxd2+ 12.
Kxd2 Na6 13. Rc1 $14 {Foerder-Machate 1931}) 10... Bd7 11. O-O Nc6 12. Be3
O-O-O 13. Rfd1 Kb8 14. Rac1 Bg4 15. Rxd8+ Nxd8 16. f4 $1 a6 17. Ba4 exf4 18.
Bxf4+ Ka7 19. Nd5 Ne6 20. Be3+ Kb8 21. e5 $1 Bf5 22. Bd7 1-0

[Event "Tilburg"]
[Site "Tilburg"]
[Date "1994.??.??"]
[Round "1"]
[White "Krnic, Zdenko"]
[Black "Lobron, Eric"]
[Result "1/2-1/2"]
[WhiteElo "2425"]
[BlackElo "2580"]
[Annotator "Ribli,Z"]
[PlyCount "64"]
[EventDate "1994.09.??"]
[EventType "k.o."]
[EventRounds "7"]
[EventCountry "NED"]
[SourceTitle "CBM 044"]
[Source "ChessBase"]
[SourceDate "1995.02.01"]
[SourceVersion "1"]
[SourceVersionDate "1995.02.01"]
[SourceQuality "1"]

1. c4 Nf6 2. Nf3 c5 3. g3 Nc6 4. Bg2 d5 5. cxd5 Nxd5 6. Nc3 Nc7 7. d3 e5 8. Nd2
Bd7 9. O-O Be7 10. Nc4 O-O 11. Bxc6 (11. a4 $5 f6 (11... b6 $5 12. f4 (12. Bxc6
Bxc6 13. Nxe5 Bb7 $44) 12... exf4 13. Bxf4 Ne6 14. Nd5 (14. Bd2 $5) 14... Nxf4
15. gxf4 Rb8 $13 {Hernandez-Ivanovic,B/Vrsac/1977/}) 12. f4 exf4 13. gxf4 $5 (
13. Bxf4 Ne6 14. Bd2 Kh8 15. Nd5 Rb8 $13 {Gulko,B-Yudasin,L/Sevilla/1992/CBM29/
INF53,57/}) 13... Be6 14. f5 Bf7 15. Rf4 Qd7 16. Qf1 $14 {Gheorghiu,F-Bouaziz,
S/Riga izt/1979/INF28,103/}) 11... Bxc6 12. Nxe5 Be8 13. Qb3 (13. a4 $5 f6 14.
Nc4 Qd7 15. e4 (15. f3 $5) 15... Bf7 16. Bf4 Na6 $13 {van Wely,L-van der Wiel,
J/Nederland ch/1993/INF58,57/}) 13... b6 14. Be3 (14. Qc4 $1 Rc8 15. Be3 Ne6
16. Qd5 Qc7 17. f4 $14 {Sarno,S-Malloni,M/Porto S.Giorgio/1993/INF 59,(64)/})
14... Bf6 15. Nf3 Bc6 16. Ne4 Re8 17. Rfd1 (17. Rad1 $5 Ne6 $5 $44 (17... Bxe4
$6 18. dxe4 Qc8 (18... Qe7 $2 19. Bf4 $16) 19. Bg5 $14) (17... Nd5 $6 18. Nxf6+
Qxf6 19. d4 $14)) 17... Nd5 18. Nxf6+ Qxf6 19. d4 Nxe3 20. fxe3 Bxf3 21. Rf1 $1
cxd4 22. Rxf3 Rxe3 (22... Qe6 23. Qxe6 Rxe6 24. exd4 Rxe2 25. Rf2 Rxf2 26. Kxf2
Rc8 $10) 23. Qxe3 dxe3 24. Rxf6 gxf6 25. Kg2 Re8 (25... Rc8 26. Kf3 Rc2 27. Rb1
$14) 26. Kf3 Re5 27. Rc1 Kg7 28. Rc3 Kg6 29. Rxe3 Rh5 30. Ra3 a5 31. Rb3 b5 32.
a3 Re5 1/2-1/2

[Event "San Francisco"]
[Site "San Francisco"]
[Date "1991.??.??"]
[Round "3"]
[White "Christiansen, Larry Mark"]
[Black "Ftacnik, Lubomir"]
[Result "1/2-1/2"]
[WhiteElo "2590"]
[BlackElo "2590"]
[Annotator "Ribli,Z"]
[PlyCount "49"]
[EventDate "1991.03.??"]
[EventType "tourn"]
[EventRounds "11"]
[EventCountry "USA"]
[EventCategory "12"]
[SourceTitle "CBM 023"]
[Source "ChessBase"]
[SourceDate "1991.08.01"]
[SourceVersion "1"]
[SourceVersionDate "1991.08.01"]
[SourceQuality "1"]

1. c4 Nf6 2. Nc3 d5 3. cxd5 Nxd5 4. g3 g6 5. Bg2 Nxc3 6. bxc3 Bg7 7. Nf3 (7.
Rb1 $1 $14) 7... O-O 8. O-O c5 9. Rb1 Nc6 10. Qa4 Qc7 11. d4 cxd4 $5 (11... Bd7
12. Bf4 $1 Qc8 13. Qa3 cxd4 14. cxd4 Bf5 15. Rbd1 e6 16. Ne5 Nxe5 17. dxe5 h6
18. h4 $16 {Stein,L-Polugaevsky,L Leningrad 1971 12/59}) 12. cxd4 Bf5 13. Rb5
a6 14. Rc5 Qd7 15. Rd1 Rac8 16. Ba3 b5 $1 17. Qxa6 b4 18. Rdc1 Nxd4 19. Rxc8
Rxc8 20. Rxc8+ Qxc8 21. Qxc8+ Bxc8 22. Bxb4 Nxe2+ 23. Kf1 Ba6 24. Ke1 Nc1 25.
Kd2 1/2-1/2

[Event "Horgen SKA"]
[Site "Horgen"]
[Date "1994.??.??"]
[Round "3"]
[White "Fioramonti, Hung"]
[Black "Schlosser, Philipp"]
[Result "0-1"]
[WhiteElo "2415"]
[BlackElo "2510"]
[Annotator "Ribli,Z"]
[PlyCount "52"]
[EventDate "1994.09.??"]
[EventType "tourn"]
[EventRounds "11"]
[EventCountry "SUI"]
[EventCategory "10"]
[SourceTitle "CBM 043"]
[Source "ChessBase"]
[SourceDate "1994.12.01"]
[SourceVersion "1"]
[SourceVersionDate "1994.12.01"]
[SourceQuality "1"]

1. Nf3 c5 2. c4 Nc6 3. Nc3 Nf6 4. g3 d5 5. cxd5 Nxd5 6. Bg2 Nc7 7. O-O e5 8. b3
Be7 (8... Bg4 $5 9. Ne1 Qd7 10. Nd3 f6 $10 {Dunnington,A-Mikhalchishin,A/
Groningen op/1990/CBM22/INF50,49/}) 9. Ne1 $5 (9. Bb2 O-O 10. d3 Bd7 11. Ne4 f6
12. a3 Rc8 $10 {Gonzalez,JC-Magem Badals,J/Capablanca mem-A/1993/CBM36/}) 9...
Bg4 $5 (9... Bd7 $6 10. Nd3 f6 11. f4 $14 {Petrosian,A-Mikhalchishin,A/
Dortmund op/1990/INF50,(49)/}) (9... O-O 10. Ba3 Nb4 11. Bb2 Rb8 12. Nc2 Nc6
13. Ne3 Be6 14. Rc1 Qd7 $13 {Sokolov,I-Lautier,J/Barcelona/1992/CBM30/}) 10.
Nc2 O-O (10... Qd7 $5) 11. Ne3 Be6 12. Bxc6 $6 (12. Bb2 Qd7 13. Rc1 Rac8 $10)
12... bxc6 13. Na4 Bh3 14. Re1 f5 $36 15. Qc2 (15. Ba3 Ne6 16. Rc1 f4 17. Nc4
Qd5 $36) 15... Ne6 16. Bb2 f4 17. Nc4 Qd5 18. f3 Nd4 19. Bxd4 exd4 20. Ncb2 (
20. Qe4 Rae8 $17) 20... Qg5 21. Kf2 (21. g4 h5 $19) 21... Bd6 22. Rg1 Rae8 23.
Nd3 (23. Nc4 Bc7 $17) 23... fxg3+ 24. hxg3 h5 25. Naxc5 Qe7 26. Rae1 (26. Rge1
h4 $19) 26... Qe3+ $1 0-1

[Event "St Petersburg"]
[Site "St Petersburg"]
[Date "1997.04.17"]
[Round "1"]
[White "Salov, Valery"]
[Black "Yudasin, Leonid"]
[Result "1-0"]
[WhiteElo "2665"]
[BlackElo "2600"]
[Annotator "Ribli,Z"]
[PlyCount "135"]
[EventDate "1997.??.??"]
[EventType "tourn"]
[EventRounds "11"]
[EventCountry "RUS"]
[EventCategory "14"]
[SourceTitle "CBM 059"]
[Source "ChessBase"]
[SourceDate "1997.08.01"]
[SourceVersion "1"]
[SourceVersionDate "1997.08.01"]
[SourceQuality "1"]

1. Nf3 {Baburin Salov} c5 2. c4 Nf6 3. Nc3 b6 4. e4 d6 5. d4 cxd4 6. Nxd4 Bb7
7. Qe2 {Das ist meines Erachtens der beste Plan für Weiß. Im Folgenden
entwickelt Weiß seinen Läufer nach g2 und kontrolliert das Feld d5 sowie die
große Diagonale.Ribli.} g6 {Eine nicht so oft gespielte Fortsetzung. Die mit
dieser Läuferentwicklung zusammenhängenden Probleme sind: wenn Schwarz den Zug
e7-e6 vermeidet, dann ist das Feld d5 ein positionelles Loch. Wenn er später
trotzdem e7-e6 spielt, dann wird der Pd6 schwach.Ribli.} (7... e6 8. g3 a6 (
8... Nc6 $5 9. Nxc6 Bxc6 10. Bg2 Be7 11. O-O Nd7 12. Re1 Bb7 $13 {Kramnik,
V-Adams,M/Groningen PCA/1993/CBM39/INF59,(63)/}) 9. Bg2 Be7 10. O-O Qc7 11. Be3
(11. f4 O-O 12. Be3 Nc6 13. Nb3 Rac8 14. Rac1 Na5 15. Nxa5 bxa5 16. Rfe1 Nd7 {
Maric,A-Atlas,V/Winterthur-B 1996/1-0 (45)}) 11... O-O 12. Rac1 Nbd7 13. f4 Nc5
14. Bf2 Rac8 15. f5 e5 16. Nc2 Qb8 17. g4 h6 18. h4 Nh7 19. Nb4 Nd7 20. Nbd5
$14 {Nogueiras,J-Kovacevic,S/Anibal op4th 1997/1/2-1/2 (49)}) 8. g3 (8. Bg5 Bg7
9. O-O-O Nbd7 10. f4 Qb8 11. g4 $36 {Agdestein,S-Miralles,G/Novi Sad ol/1990/
INF50,48/}) 8... Nbd7 (8... Bg7 9. Bg2 O-O 10. O-O e6 (10... Nc6 11. Nxc6 Bxc6
12. Rd1 (12. Bg5) 12... Nd7 (12... Qc7 {Baburin} 13. Nd5 Nxd5 14. exd5 $16 {
Serper-Budnikov, 1991}) 13. Nd5 Re8 14. Bg5 $1 h6 15. Be3 Rc8 16. Rac1 Bb7 (
16... Ba8 $5) 17. Qd2 Kh7 18. Bd4 Nf6 19. Nxf6+ exf6 20. f3 h5 21. b3 {Gulko,
B-Gurevich,D/USA-ch 1994/1-0 (67)}) 11. Rd1 Ne8 12. Ndb5 {[%csl Rd6]} Nc6 13.
Bf4 {1-0 Razuvaev,Y-Gurevich,D/Geneve op 1993 (26)}) (8... Bg7 {Salov -62/40})
9. Bg2 Rc8 (9... Bg7 10. O-O O-O 11. Rd1 Re8 12. f4 Nc5 13. e5 Nfd7 14. b4 Bxg2
15. Qxg2 Ne6 16. Nxe6 fxe6 17. Bb2 Qc8 18. exd6 Qxc4 19. dxe7 Bxc3 20. Rac1 Nf6
21. Rxc3 Qxb4 {1/2-1/2 Zueger,B-Ballmann,M/SWZ-chT 1994}) 10. O-O a6 11. Rd1
Qc7 {[%cal Rc7c4] Baburin: Black's idea to delay normal development (...Bg7
and ...0-0) looks rather suspicious.} 12. b3 (12. Nd5 Qxc4 $6) 12... e6 (12...
Bg7 13. Nd5 {[%csl Gd5]} (13. Nd5 {Baburin} Nxd5 14. exd5 {Baburin: would have
led to a very unpleasant strategic situation for him.})) 13. Ba3 {[%csl Rd6]
[%cal Yd1d6,Ya3d6,Yd4b5,Yb5d6]} Nc5 (13... Be7 14. Ndb5 axb5 15. Nxb5 $44 {
[%csl Re8][%cal Rb5d6,Ra3d6,Rd1d6]}) (13... Bg7 $4 {Baburin} 14. Ndb5 $1 $18)
14. Rac1 {[%csl Rd6][%cal Yc2c7,Yc1c7] Meiner Meinung nach ist Weiß klar
besser entwickelt. Dessen ungeachtet -wie üblich im "Igel" - befindet sich
Schwarz in einer etwas passiven, aber verteidigungsfähigen Stellung mit vielen
Reserven.Ribli.} Be7 15. b4 Ncd7 {[#]} {[#]} 16. Nd5 {Baburin: Here White may
not not get a piece back immediately, so this is a real sacrifice. The
manoeuvre Nc3-d5 is quite standard in this pawn formation ('Hedgehog') and
therefore must be watched for. In this particular case this manoeuvre helps
White to exploit his better development and space advantage - the c-file is
being opened and the c6-square becomes an outpost for White. Das ist ein
typisches, aber immer wieder schönes Figurenopfer. Weiß opfert die Figur für
Initiative..Ribli.} exd5 (16... Qb8 $2 17. Nxe7 $16 {[%csl Rd6,Re8][%cal Yd1d6,
Ya3d6]}) 17. cxd5 Qb8 $8 {[%csl Rc6]} 18. Nc6 {[%csl Gc6] Weiß hat volle
Kompensation für die Figur. Schwarz befindet sich fast schon in Zugzwang.Ribli.
} Bxc6 (18... Qa8 19. f4 $44 {[%csl Re8][%cal Re4e5,Yg2a8]} (19. f4 $1 {Salov}
Rxc6 20. dxc6 Bxc6 21. e5 Bxg2 22. exf6 $18) (19. Bb2 {Baburin})) 19. dxc6 Ne5
20. f4 (20. b5 {Salov} axb5 21. Qxb5 O-O 22. f4 Qa7 $132) 20... b5 $1 {Baburin:
Black leaves the c6-pawn alive but blocks up the position. Die beste
Möglichkeit für Schwarz: Er gibt seinen Materialvorteil zurück und strebt
ausgeglichenes Spiel an.Ribli.} (20... Nxc6 21. e5 $40 {[%csl Re8][%cal Rg2c6,
Rc1c6,Ye2e8,Re5f6,Re5d6]} (21. e5 {Salov Baburin: the position would have
become very open and Black would be even in deeper trouble after} Nxe5 22.
Rxc8+ Qxc8 23. fxe5 Qe6 24. Bc6+ Kf8 25. Qd2 dxe5 26. Qh6+ Kg8 27. b5 $18)) (
20... Rxc6 $5 {Salov} 21. fxe5 (21. Rxc6 Nxc6 22. e5 Nxe5 23. b5 a5 $1) 21...
Rxc1 22. Bxc1 dxe5 23. Qxa6 $16) 21. fxe5 dxe5 {[%csl Ra3,Gc6,Rg2]} 22. Bb2 $14
{[%cal Yb2h8] Es ist klar: Weiß muß seine Läuferstellung verbessern, weil sein
Ba3 nach 20...b5! keine Perspektive mehr hatte. Weiß steht aktiver, und die
schwarze Königsstellung ist noch nicht sicher.Ribli.} O-O (22... Qb6+ 23. Qf2
Qxf2+ (23... Rxc6 $2 24. Qxb6 Rxb6 25. Rc8+ $18) 24. Kxf2 {[%csl Gc6,Re5]}) 23.
Kh1 {Baburin: White has emerged from some tactical complications with a clear
advantage as his c-pawn is very powerful. Der König befand sich auf der
Diagonalen a7-g1 nicht in Sicherheit.Ribli.} (23. c7 {Salov} Rxc7 24. Bxe5 Qb6+
25. Bd4 Qxd4+ 26. Rxd4 Rxc1+ $44) (23. a3 $5 {Salov}) 23... Qc7 (23... Bxb4 24.
c7 (24. Bh3 $1 $16 {Salov}) 24... Rxc7 25. Bxe5 {[%cal Re5b8]} (25. Bxe5 Rxc1
26. Bxb8 Rxd1+ 27. Qxd1 Rxb8 28. e5 Re8 $1 $44)) 24. a3 Rfd8 (24... Rcd8 $5 {
Salov}) 25. Rf1 $1 {[%cal Yf1f7] Natürlich tauscht Weiß nicht. Da Schwarz
einige Schwächen am Königsflügel aufweist, muß Weiß dort sein Glück versuchen.
Ribli.} Rf8 26. Qf3 {[%cal Yf3f7]} Rcd8 {[%cal Yd8d2]} 27. Rc2 {[%cal Yc2f2]}
Ne8 {Früher oder später ist Schwarz zu diesem Springerzug gezwungen. Ich
möchte anmerken, daß der Springer im weiteren Verlauf auf c7 sehr gut
blockieren kann.Ribli.} 28. Bh3 {[%csl Gc6][%cal Yh3d7]} Kg7 29. Qb3 {[%cal
Yb3f7]} Nf6 30. Qe3 h5 31. Qf3 Nh7 32. Qc3 {[%cal Yc3g7]} Rd4 33. Qb3 Rdd8 (
33... Rxe4 {Salov} 34. Bg2 Rg4 35. Rd2 $1 $18) 34. Qc3 (34. Bxe5+ $5 {Salov}
Qxe5 35. c7 Rc8 36. Bxc8 Qxe4+ 37. Kg1 Rxc8 38. Rxf7+ Kh6 39. Qc3 $40) 34...
Rd4 35. Qb3 Rdd8 {Wir wohnen einem Manöverkampf kurz vor der Zeitkontrolle bei.
Ribli.} 36. Bd7 {[%csl Gc6]} Nf6 37. Rcf2 {[%cal Yf2f7,Yb2g7,Yb3f7]} Qd6 (37...
Nxd7 $2 38. Rxf7+ $18) 38. Rf3 Nxd7 {Schwarz hat nicht mehr die Nerven, die
Spannung weiter auszuhalten. Ich glaube jedoch, daß guter Rat schon teuer ist.
Ribli.} 39. Rxf7+ Rxf7 40. Rxf7+ (40. Qxf7+ {Salov} Kh6 (40... Kh8 41. cxd7 Rf8
42. Qxf8+ Bxf8 43. Bxe5+ Qxe5 44. Rxf8+ $18) 41. h4 $1 Rf8 42. Bc1+ g5 43.
hxg5+ Bxg5 44. Bxg5+ Kxg5 45. Rf5+ $18) 40... Kh6 41. cxd7 (41. Qe3+ $5 {Salov}
g5 $1 (41... Bg5 $4 42. Qxg5+ $1 Kxg5 43. Bc1+ Kg4 44. Kg2 $1 $18) 42. cxd7
Rxd7 $132) 41... Rxd7 {[%csl Gf7,Rh6]} 42. Bc1+ g5 (42... Bg5 $2 43. Bxg5+ Kxg5
44. Qe3+ Kg4 45. Rxd7 (45. Qf3+ Kh3 46. g4+ Kh4 47. Qg3+ Kg5 48. h4+ Kh6 49.
g5#) 45... Qxd7 46. Kg2 $18 {[%csl Rg4]} h4 47. h3+ Kh5 48. g4+) 43. Rf1 $16 {
[%cal Yc1h6,Yf1f5] Die schwarze Königsstellung ist schwach. Weiß steht dank
seiner Aktivität besser.Ribli.} Qc6 {[%cal Yc6h1]} (43... Qd3 $2 44. Qe6+ $18 {
[%csl Rh6]}) 44. Kg1 Qc4 (44... Bd8 {Salov} 45. Qf3 $40) 45. Qf3 Qe6 (45... Rd8
$2 {Salov} 46. Qf5 $1 $40) 46. h4 $1 {[%csl Rg5,Rh6][%cal Rc1g5]} Qg6 (46...
Kg6 47. Qf5+ Qxf5 48. exf5+ Kh6 49. f6 $18) 47. Kg2 (47. g4 $1 {Salov} hxg4 48.
Qxg4 $16) 47... Kg7 (47... Rc7) 48. Bxg5 Bxg5 49. hxg5 Qxg5 $8 50. Qf8+ Kh7 51.
Qf5+ $1 {Weiß hat auch so seine Probeme mit der Königsstellung. Im folgenden
Turmendspiel steht Weiß dank seines aktiven Turmes und seines aktiven Königs
dauerhaft besser .Ribli.} (51. Rf7+ {Salov} Rxf7 52. Qxf7+ Kh6 53. Qe6+ Kg7 54.
Qxa6 Qd2+ 55. Kh3 Qd1 $1 $11) 51... Qxf5 52. Rxf5 {[%csl Re5,Gf5,Rh5]} Rd3 53.
Rxh5+ Kg7 (53... Kg6 54. Rxe5 Rxa3) 54. Rg5+ $5 {Nach diesem Schach muß
Schwarz sich entscheiden. Wenn er 54...Kh6 spielt, ist sein König weit von der
Hauptkampflinie abgeschnitten, wählt er hingegen 54...Kf6 -wie in der Partie-
so läßt er den weißen Turm zurück kommen.Ribli.} Kf6 (54... Kh6 55. Rxe5 {
[%csl Rh6]}) 55. Rf5+ Ke6 56. Rf3 Rd2+ 57. Rf2 Rd4 (57... Rd3 58. Rf3 Rd2+ 59.
Kh3 {[%csl Gg3][%cal Yh3g4,Yg4g5]}) 58. Kf3 $5 {In Turmendspielen ist
Aktivitaet praktisch immer wichtiger als Material.Ribli.} Rd3+ 59. Kg4 Rxa3 (
59... Re3 $5 60. Rc2 Kd6 $1 (60... Rxe4+ $2 61. Kf3 Re1 (61... Rc4 $2 62. Rxc4
bxc4 63. Ke4 $16 {[%cal Rg3g8,Ra3a4,Rb4b8] Die zwei entfernten Freibauern sind
nicht zu halten.}) 62. Rc6+)) (59... Re3 $1 $11 {Salov}) 60. Rh2 Re3 61. Rh6+
Kf7 62. Kf5 {[%csl Gf5,Gh6]} Rxg3 {Jetzt hat Weiß einen Bauern weniger aber
seine Figuren sind sehr aktiv. Der potentielle Freibauer e4 stellt eine große
Gefahr für Schwarz dar.Ribli.} 63. Rxa6 Rb3 64. Ra7+ Kg8 (64... Ke8 65. Ke6 Kd8
(65... Rxb4 66. Ra8#) 66. Kd6 Kc8 (66... Rd3+ 67. Kxe5 $16) 67. Kc6 Kb8 68.
Rb7+ $16) 65. Kg6 Rg3+ (65... Kf8 $8 {Salov}) 66. Kf6 {[%csl Re5]} Rb3 67. Rg7+
{[%csl Rg8]} Kh8 (67... Kf8 68. Rb7 $18) 68. Rb7 $18 {Und Schwarz gab auf.
Ribli.} (68. Rb7 Rxb4 (68... Kg8 69. Rxb5 $18) 69. Kg6 $18) 1-0